[Event "Madrid ch - Previa B 2013"]
[Site "Madrid ESP"]
[Date "2013.02.09"]
[Round "5.10"]
[White "Arroyo Fernandez, Francisco J"]
[Black "Rodriguez Sebastian, Roberto"]
[Result "1-0"]
[WhiteElo "1840"]
[BlackElo "1670"]
[PlyCount "49"]
[EventDate "2013.02.01"]
[EventType "swiss"]
[EventRounds "9"]
[EventCountry "ESP"]
[Source "lmi"]
[SourceDate "2013.02.01"]

1. d4 d6 2. Nf3 Nf6 3. c4 Nbd7 4. Nc3 e5 5. g3 Be7 6. Bg2 O-O 7. O-O c6 8. Qc2
Qc7 9. Rd1 Nb6 10. b3 Bg4 11. Bb2 Nbd7 12. Ne4 Bh5 13. Nxf6+ Bxf6 14. dxe5 dxe5
15. Qf5 e4 16. Rxd7 Qxd7 17. Qxd7 Bxb2 18. Rb1 exf3 19. exf3 Ba3 20. Qxb7 c5
21. f4 Bg6 22. Rd1 Bh5 23. Rd7 Rae8 24. Bd5 a5 25. h3 1-0

[Event "Madrid ch - Previa B 2013"]
[Site "Madrid ESP"]
[Date "2013.02.09"]
[Round "5.11"]
[White "Largo Barbero, Benito"]
[Black "Bento Iglesias, Pablo"]
[Result "1-0"]
[WhiteElo "1916"]
[BlackElo "1525"]
[PlyCount "59"]
[EventDate "2013.02.01"]
[EventType "swiss"]
[EventRounds "9"]
[EventCountry "ESP"]
[Source "lmi"]
[SourceDate "2013.02.01"]

1. d4 Nf6 2. Bf4 c5 3. e3 e6 4. Nf3 cxd4 5. exd4 Be7 6. Bd3 d6 7. c3 h6 8. Nbd2
Nbd7 9. h3 Qc7 10. Qe2 O-O 11. g4 b6 12. Rg1 Nd5 13. Bh2 g5 14. h4 f6 15. Qxe6+
Kg7 16. Qxd5 Bb7 17. Qf5 Rh8 18. Qg6+ Kf8 19. Bc4 Qxc4 20. Nxc4 Bxf3 21. Bxd6
Re8 22. Bxe7+ Rxe7+ 23. Ne3 Be4 24. Qh5 Kg7 25. Kd2 Bg6 26. Nf5+ Kf7 27. Qxg6+
Kxg6 28. Nxe7+ Kf7 29. Nf5 gxh4 30. Rae1 1-0

[Event "Madrid ch - Previa B 2013"]
[Site "Madrid ESP"]
[Date "2013.02.09"]
[Round "5.12"]
[White "Franco Rincon, David"]
[Black "Herrero Corada, Jose Ignacio"]
[Result "0-1"]
[WhiteElo "1671"]
[BlackElo "1849"]
[PlyCount "110"]
[EventDate "2013.02.01"]
[EventType "swiss"]
[EventRounds "9"]
[EventCountry "ESP"]
[Source "lmi"]
[SourceDate "2013.02.01"]

1. e4 c6 2. d4 d5 3. exd5 cxd5 4. Bd3 Nc6 5. c3 Nf6 6. Bf4 Bg4 7. Nf3 e6 8.
Nbd2 Be7 9. Qc2 Bh5 10. O-O Bg6 11. Ne5 Bxd3 12. Qxd3 O-O 13. Ndf3 Nxe5 14.
Nxe5 Nd7 15. Rfe1 Nxe5 16. Bxe5 Bf6 17. Qg3 Bxe5 18. Qxe5 b5 19. a3 a5 20. Rec1
Qb8 21. Qxb8 Raxb8 22. Kf1 Rfc8 23. Ke2 Kf8 24. Kd3 Rc4 25. b3 Rc7 26. Ra2 Ke7
27. Rac2 a4 28. Rb1 Ra7 29. Rcb2 axb3 30. Rxb3 Ra4 31. Ra1 Kd6 32. f4 Kc6 33.
Kc2 Rc8 34. Kb2 Rc4 35. Rc1 Re8 36. Re1 f6 37. Rb4 Rxb4+ 38. axb4 Kd6 39. Kc2
e5 40. fxe5+ fxe5 41. dxe5+ Rxe5 42. Rxe5 Kxe5 43. Kd3 h6 44. Ke3 g6 45. g3 h5
46. h3 g5 47. g4 h4 48. Ke2 Ke4 49. Kd2 Kf3 50. Kd3 Kg3 51. Kd4 Kxh3 52. Kxd5
Kxg4 53. c4 bxc4 54. b5 h3 55. Kxc4 h2 0-1

[Event "Madrid ch - Previa B 2013"]
[Site "Madrid ESP"]
[Date "2013.02.09"]
[Round "5.13"]
[White "Morona Minguez, Miguel"]
[Black "Soto Martin, Pablo"]
[Result "0-1"]
[WhiteElo "1628"]
[BlackElo "1740"]
[PlyCount "44"]
[EventDate "2013.02.01"]
[EventType "swiss"]
[EventRounds "9"]
[EventCountry "ESP"]
[Source "lmi"]
[SourceDate "2013.02.01"]

1. e4 e5 2. Nf3 Nc6 3. Bb5 Bc5 4. O-O Nge7 5. c3 Bb6 6. d3 O-O 7. Re1 d6 8.
Nbd2 Ng6 9. Nf1 f5 10. Ng5 Qf6 11. Bc4+ Kh8 12. Nxh7 Qh4 13. Be3 Qxh7 14. Bxb6
axb6 15. Ng3 f4 16. Ne2 Nh4 17. b4 Qg6 18. Ng3 Bg4 19. Qc1 fxg3 20. hxg3 Nxg2
21. f4 Nxf4 22. gxf4 Bf3+ 0-1

[Event "Madrid ch - Previa B 2013"]
[Site "Madrid ESP"]
[Date "2013.02.09"]
[Round "5.14"]
[White "Veiga Rodriguez, Pablo"]
[Black "Fernandez Rodriguez, Fernando J"]
[Result "0-1"]
[WhiteElo "1610"]
[BlackElo "1733"]
[PlyCount "120"]
[EventDate "2013.02.01"]
[EventType "swiss"]
[EventRounds "9"]
[EventCountry "ESP"]
[Source "lmi"]
[SourceDate "2013.02.01"]

1. e4 e5 2. Nf3 Nc6 3. Bb5 a6 4. Bxc6 dxc6 5. O-O Bd6 6. d4 exd4 7. Qxd4 f6 8.
Qe3 Ne7 9. b3 O-O 10. Bb2 Ng6 11. Nbd2 Bf4 12. Qd3 Qxd3 13. cxd3 Bg4 14. Rad1
Ne5 15. Bxe5 fxe5 16. h3 Bh5 17. g4 Bf7 18. Nc4 Rfe8 19. Ne3 h5 20. g5 Be6 21.
Kg2 Rad8 22. Nc4 Bf7 23. Na5 Rb8 24. d4 exd4 25. Rxd4 c5 26. Rdd1 Rxe4 27. Rfe1
Rxe1 28. Rxe1 Bd5 29. Nc4 Bxf3+ 30. Kxf3 Bxg5 31. Re5 Rf8+ 32. Kg2 Bh4 33. f3
Rd8 34. Rxh5 g5 35. f4 Rd5 36. Kf3 Rd3+ 37. Kg4 Rg3+ 38. Kf5 Rf3 39. Ne5 Rxf4+
40. Kg6 Re4 41. Nd7 Rd4 42. Nf6+ Kf8 43. Nh7+ Ke7 44. Nxg5 Bxg5 45. Rxg5 c4 46.
bxc4 Rxc4 47. Rg4 Rxg4+ 48. hxg4 c5 49. g5 c4 50. Kh7 c3 51. g6 c2 52. g7 c1=Q
53. g8=Q Qh1+ 54. Kg7 Qg2+ 55. Kh8 Qxg8+ 56. Kxg8 b5 57. Kg7 a5 58. Kg6 Ke6 59.
Kg5 Ke5 60. Kg6 b4 0-1

[Event "Madrid ch - Previa B 2013"]
[Site "Madrid ESP"]
[Date "2013.02.09"]
[Round "5.15"]
[White "Peñas Merino, Ramona"]
[Black "Herranz Sanchez, Pablo"]
[Result "1/2-1/2"]
[WhiteElo "1684"]
[BlackElo "1722"]
[PlyCount "97"]
[EventDate "2013.02.01"]
[EventType "swiss"]
[EventRounds "9"]
[EventCountry "ESP"]
[Source "lmi"]
[SourceDate "2013.02.01"]

1. d4 d5 2. c4 e6 3. Nf3 Nf6 4. Bg5 Nbd7 5. e3 c6 6. cxd5 exd5 7. Nc3 Bd6 8.
Bd3 O-O 9. O-O Re8 10. Qc2 h6 11. Bh4 a6 12. Rab1 Qc7 13. Rfc1 Qd8 14. Re1 Be7
15. b4 Qb6 16. Na4 Qd8 17. Nc5 Bd6 18. e4 dxe4 19. Nxe4 Be7 20. Nc5 Nf8 21. a3
Ne6 22. Nxe6 Bxe6 23. Rbd1 Bd5 24. Ne5 Nh5 25. Bxe7 Rxe7 26. Be4 Nf6 27. Bxd5
Nxd5 28. Qc5 Qf8 29. a4 f6 30. Ng6 Rxe1+ 31. Rxe1 Qxc5 32. bxc5 Kf7 33. Nh4 Nc3
34. a5 g6 35. f4 f5 36. g3 Rd8 37. Nf3 Nb5 38. Rd1 Re8 39. d5 Nc3 40. Ne5+ Kg7
41. Rd3 Nxd5 42. Rb3 Re7 43. Nc4 Re1+ 44. Kf2 Rc1 45. Rxb7+ Kg8 46. Rb8+ Kg7
47. Rb7+ Kg8 48. Rb8+ Kg7 49. Rb7+ 1/2-1/2

[Event "Madrid ch - Previa B 2013"]
[Site "Madrid ESP"]
[Date "2013.02.09"]
[Round "5.16"]
[White "Vela Martinez, Jose"]
[Black "Benitez Cadenas, Luis Miguel"]
[Result "1-0"]
[WhiteElo "1542"]
[BlackElo "1714"]
[PlyCount "101"]
[EventDate "2013.02.01"]
[EventType "swiss"]
[EventRounds "9"]
[EventCountry "ESP"]
[Source "lmi"]
[SourceDate "2013.02.01"]

1. e4 e6 2. d4 d5 3. exd5 exd5 4. Nf3 Bd6 5. Bd3 Nc6 6. Nc3 Nge7 7. h3 O-O 8.
O-O Nb4 9. Bg5 f6 10. Bh4 Nxd3 11. Qxd3 c6 12. Ne2 Bf5 13. Qd2 Be4 14. Qc3 Nf5
15. Bg3 Bxg3 16. fxg3 Qd6 17. Nd2 Qd7 18. Nf4 Nd6 19. Nb3 b6 20. a4 Nc4 21.
Rae1 Rae8 22. Re2 Rf7 23. Rfe1 Rfe7 24. Nd2 Nxd2 25. Qxd2 Bf5 26. g4 Be4 27.
Nh5 Bg6 28. Nf4 Be4 29. Nh5 c5 30. dxc5 bxc5 31. b3 Qc7 32. g5 Re5 33. h4 fxg5
34. hxg5 Qb6 35. Kh2 Qg6 36. Ng3 Qd6 37. c4 R8e6 38. cxd5 Rxd5 39. Qc3 Rd3 40.
Qc4 Qxg3+ 41. Kg1 Bd5 42. Qxc5 Rxe2 43. Qc8+ Kf7 44. Qf5+ Ke8 45. Rxe2+ Re3 46.
Qc8+ Ke7 47. Qc5+ Kd7 48. Qxe3 Qd6 49. Qe8+ Kc7 50. Re7+ Kb6 51. Qb5# 1-0

[Event "Madrid ch - Previa B 2013"]
[Site "Madrid ESP"]
[Date "2013.02.09"]
[Round "5.21"]
[White "Lopez Garralon, Jorge"]
[Black "Merino Araguas, Jose Javier"]
[Result "0-1"]
[WhiteElo "1270"]
[BlackElo "1829"]
[PlyCount "86"]
[EventDate "2013.02.01"]
[EventType "swiss"]
[EventRounds "9"]
[EventCountry "ESP"]
[Source "lmi"]
[SourceDate "2013.02.01"]

1. e4 e6 2. d3 d5 3. Nd2 Nf6 4. Ngf3 c5 5. c3 Nc6 6. Be2 Be7 7. a3 O-O 8. O-O
b6 9. b4 dxe4 10. dxe4 Qc7 11. Re1 Bb7 12. Bb5 Rfd8 13. Qc2 a6 14. Bd3 e5 15.
Nc4 b5 16. Ne3 c4 17. Bf1 Nb8 18. Nf5 Re8 19. Bg5 Nbd7 20. Rad1 Bf8 21. h3 h6
22. Bc1 Rad8 23. g4 Nh7 24. h4 Qc6 25. g5 Qg6 26. h5 Qxh5 27. gxh6 gxh6 28. Be2
Qg4+ 29. Ng3 Qg7 30. Nh4 Ng5 31. Bg4 Nf6 32. Ngf5 Nh3+ 33. Kh2 Qxg4 34. Rg1
Nxg1 35. Rxg1 Qxg1+ 36. Kxg1 Bxe4 37. Qe2 Rd3 38. Bxh6 Bxh6 39. Nxh6+ Kh7 40.
N6f5 Red8 41. Ng3 Rd2 42. Qe3 Rd1+ 43. Kh2 Ng4+ 0-1

[Event "Madrid ch - Previa B 2013"]
[Site "Madrid ESP"]
[Date "2013.02.09"]
[Round "5.23"]
[White "Soto Martin, Miguel"]
[Black "San Felipe Asis, Raquel"]
[Result "1-0"]
[WhiteElo "1497"]
[BlackElo "1650"]
[PlyCount "103"]
[EventDate "2013.02.01"]
[EventType "swiss"]
[EventRounds "9"]
[EventCountry "ESP"]
[Source "lmi"]
[SourceDate "2013.02.01"]

1. d4 Nf6 2. Nf3 c5 3. d5 e6 4. Nc3 exd5 5. Nxd5 Nc6 6. Bg5 Be7 7. Nxe7 Qxe7 8.
e3 Qe6 9. c3 O-O 10. Be2 b6 11. O-O Ne4 12. Bf4 d5 13. Bd3 Rd8 14. Qc2 Qg6 15.
Ng5 Bf5 16. f3 Nxg5 17. Bxf5 Qf6 18. Bxg5 Qxg5 19. Bxh7+ Kf8 20. f4 Qe7 21. Rf3
g6 22. Bxg6 fxg6 23. Qxg6 Rac8 24. Rg3 Qf7 25. Qh6+ Ke8 26. Qh8+ Ke7 27. Qh4+
Ke8 28. Rg5 Ne7 29. Qg4 Rc6 30. Qh5 Qxh5 31. Rxh5 Re6 32. Kf2 Kf7 33. g4 d4 34.
cxd4 cxd4 35. Re1 d3 36. Rd1 Rc6 37. Rh7+ Kf8 38. Rh8+ Ng8 39. Rd2 Rc2 40. Ke1
Rc1+ 41. Kf2 Kg7 42. Rh3 Nf6 43. Kf3 Rc2 44. Rd1 d2 45. Ke2 Ne4 46. f5 Rxb2 47.
f6+ Kxf6 48. Rh6+ Kg5 49. Rc6 Kxg4 50. h3+ Kg3 51. Rg6+ Kxh3 52. Rh1# 1-0

[Event "Madrid ch - Previa B 2013"]
[Site "Madrid ESP"]
[Date "2013.02.09"]
[Round "5.24"]
[White "Rottenwoerer, Christoph"]
[Black "Villarroya Samaniego, Javier"]
[Result "1-0"]
[WhiteElo "1609"]
[BlackElo "1275"]
[PlyCount "71"]
[EventDate "2013.02.01"]
[EventType "swiss"]
[EventRounds "9"]
[EventCountry "ESP"]
[Source "lmi"]
[SourceDate "2013.02.01"]

1. c4 Nf6 2. g3 d6 3. Bg2 g6 4. Nc3 Bg7 5. Nf3 O-O 6. O-O e5 7. e4 Be6 8. d3 a6
9. h3 Qc8 10. Kh2 Nc6 11. Be3 Rb8 12. Rc1 Ne7 13. a4 c5 14. Ne1 Nd7 15. Nc2 f5
16. f4 exf4 17. Bxf4 Ne5 18. Qd2 Qd7 19. b4 b6 20. Rb1 Qc7 21. Qe2 Qd7 22. Qd2
Kf7 23. Rbd1 Rh8 24. b5 a5 25. Ne3 h5 26. Bg5 Bf6 27. Bxf6 Kxf6 28. Ncd5+ Nxd5
29. cxd5 Bf7 30. Nc4 Nxc4 31. dxc4 Ke7 32. Qg5+ Kf8 33. exf5 Qe7 34. Qf4 Qe5
35. Qxe5 dxe5 36. fxg6 1-0

[Event "Madrid ch - Previa B 2013"]
[Site "Madrid ESP"]
[Date "2013.02.09"]
[Round "5.25"]
[White "Hrybanova, Valeria"]
[Black "Martin Rodriguez, Jose Luis"]
[Result "1-0"]
[WhiteElo "1556"]
[BlackElo "1452"]
[PlyCount "81"]
[EventDate "2013.02.01"]
[EventType "swiss"]
[EventRounds "9"]
[EventCountry "ESP"]
[Source "lmi"]
[SourceDate "2013.02.01"]

1. e4 e6 2. d4 d5 3. Nc3 Nf6 4. e5 Nfd7 5. Nce2 c5 6. c3 Nc6 7. f4 Qb6 8. Nf3
cxd4 9. cxd4 Bb4+ 10. Bd2 Bxd2+ 11. Qxd2 Qb4 12. Qxb4 Nxb4 13. Kd2 Nb6 14. b3
Bd7 15. a3 Nc6 16. Nc3 a6 17. Bd3 Rc8 18. Rac1 O-O 19. h4 f5 20. h5 h6 21. Rhg1
Be8 22. Rh1 Bd7 23. Rcg1 Rf7 24. g4 fxg4 25. Rxg4 Rcf8 26. Ke3 Ne7 27. Rhg1
Nf5+ 28. Bxf5 exf5 29. Rg6 Bc6 30. Rxh6 Nc8 31. Rhg6 Ne7 32. R6g5 Nc8 33. h6
Rc7 34. hxg7 Rff7 35. Nh4 Be8 36. Nxd5 Rcd7 37. Nf6+ Rxf6 38. exf6 Rf7 39. Rh5
Rxf6 40. Rh8+ Kf7 41. g8=Q+ 1-0

[Event "Madrid ch - Previa B 2013"]
[Site "Madrid ESP"]
[Date "2013.02.09"]
[Round "5.26"]
[White "Roman Garcia, Jose Luis"]
[Black "Torres Alvarez, Augusto J"]
[Result "1/2-1/2"]
[WhiteElo "1512"]
[BlackElo "1541"]
[PlyCount "49"]
[EventDate "2013.02.01"]
[EventType "swiss"]
[EventRounds "9"]
[EventCountry "ESP"]
[Source "lmi"]
[SourceDate "2013.02.01"]

1. e4 e6 2. d4 d5 3. exd5 exd5 4. Nf3 Nf6 5. Bd3 c5 6. dxc5 Bxc5 7. c3 Bg4 8.
Bb5+ Nc6 9. Bg5 O-O 10. O-O Qb6 11. Bxf6 gxf6 12. b4 Qxb5 13. bxc5 Qxc5 14. Qd3
Kh8 15. Nbd2 Rg8 16. Rfe1 Rg6 17. Nh4 Rh6 18. Nf5 Bxf5 19. Qxf5 Rg8 20. Re3 Qd6
21. Rh3 Rg5 22. Qd3 Ne5 23. Qe3 Ng4 24. Qd3 Ne5 25. Qe3 1/2-1/2

[Event "Madrid ch - Previa B 2013"]
[Site "Madrid ESP"]
[Date "2013.02.09"]
[Round "5.28"]
[White "Ojosnegros Martin, Angel"]
[Black "Di Pietro Moreno, Fatima"]
[Result "1-0"]
[WhiteElo "1522"]
[BlackElo "1273"]
[PlyCount "23"]
[EventDate "2013.02.01"]
[EventType "swiss"]
[EventRounds "9"]
[EventCountry "ESP"]
[Source "lmi"]
[SourceDate "2013.02.01"]

1. e4 e6 2. d4 d5 3. exd5 exd5 4. Nf3 Nf6 5. c4 dxc4 6. Bxc4 Bb4+ 7. Nc3 O-O 8.
O-O Bg4 9. Qb3 Bxf3 10. Qxb4 Bc6 11. Bg5 Qxd4 12. Bxf7+ 1-0

[Event "Madrid ch - Previa B 2013"]
[Site "Madrid ESP"]
[Date "2013.02.09"]
[Round "5.30"]
[White "Morona Calvo, Virgilio"]
[Black "Vazquez Cabeza, Isaac"]
[Result "0-1"]
[WhiteElo "1492"]
[BlackElo "1493"]
[PlyCount "76"]
[EventDate "2013.02.01"]
[EventType "swiss"]
[EventRounds "9"]
[EventCountry "ESP"]
[Source "lmi"]
[SourceDate "2013.02.01"]

1. e4 e5 2. Nf3 Nc6 3. Bc4 Bc5 4. b4 Bxb4 5. c3 Be7 6. Qb3 Nf6 7. Bxf7+ Kf8 8.
Bd5 Na5 9. Qc2 c6 10. Bb3 Nxb3 11. axb3 d6 12. d4 Nd7 13. O-O exd4 14. Nxd4 Nc5
15. h3 Ne6 16. Nf5 Ng5 17. Nxe7 Qxe7 18. f4 Nxe4 19. Re1 d5 20. Nd2 Bf5 21. c4
Qc5+ 22. Kh2 Qf2 23. Rf1 Qg3+ 24. Kg1 Qe3+ 25. Kh2 Ng3 26. Ba3+ Kf7 27. Rf3
Qxf3 28. Nxf3 Bxc2 29. Kxg3 Bxb3 30. Rb1 dxc4 31. Ne5+ Ke6 32. Re1 Kd5 33. Nf7
Rhe8 34. Ne5 g5 35. Bb2 gxf4+ 36. Kxf4 Rf8+ 37. Kg3 Rae8 38. Nf3 Rxf3+ 0-1

[Event "Madrid ch - Previa B 2013"]
[Site "Madrid ESP"]
[Date "2013.02.15"]
[Round "6.1"]
[White "Cano Cabanillas, Javier"]
[Black "Alonso Herrero, Ignacio"]
[Result "1-0"]
[WhiteElo "1985"]
[BlackElo "1789"]
[PlyCount "43"]
[EventDate "2013.02.01"]
[EventType "swiss"]
[EventRounds "9"]
[EventCountry "ESP"]
[Source "lmi"]
[SourceDate "2013.02.01"]

1. e4 e5 2. Nf3 Nc6 3. Bc4 Bc5 4. c3 d6 5. O-O Bg4 6. a4 a5 7. h3 Bxf3 8. Qxf3
Qf6 9. Qe2 Nge7 10. d3 Ng6 11. g3 h5 12. Be3 h4 13. Kg2 O-O-O 14. Qg4+ Kb8 15.
Bg5 Nf4+ 16. gxf4 Rdg8 17. Bxf6 gxf6 18. f5 Rxg4+ 19. hxg4 h3+ 20. Kh2 Ne7 21.
Bxf7 c6 22. Nd2 1-0

[Event "Madrid ch - Previa B 2013"]
[Site "Madrid ESP"]
[Date "2013.02.15"]
[Round "6.2"]
[White "Dominguez Alfara, Miguel"]
[Black "Rodriguez Del Pino, Daniel"]
[Result "1/2-1/2"]
[WhiteElo "1823"]
[BlackElo "1906"]
[PlyCount "50"]
[EventDate "2013.02.01"]
[EventType "swiss"]
[EventRounds "9"]
[EventCountry "ESP"]
[Source "lmi"]
[SourceDate "2013.02.01"]

1. d4 Nf6 2. Nf3 g6 3. e3 Bg7 4. Be2 O-O 5. c4 d6 6. Nc3 c5 7. d5 e6 8. e4 a6
9. Bf4 exd5 10. exd5 Nh5 11. Bg5 Qb6 12. Qd2 Re8 13. O-O Nd7 14. a3 Ne5 15.
Nxe5 Bxe5 16. Bxh5 gxh5 17. Bh6 Bf5 18. Qg5+ Bg6 19. Rfe1 Qd8 20. Qd2 Qh4 21.
g3 Qxc4 22. Rac1 Qg4 23. Kg2 h4 24. h3 Qc4 25. Qg5 Bg7 1/2-1/2

[Event "Madrid ch - Previa B 2013"]
[Site "Madrid ESP"]
[Date "2013.02.15"]
[Round "6.3"]
[White "Ordoñez Morales, Alberto"]
[Black "Garcia Serrano, Jose M. Ii"]
[Result "0-1"]
[WhiteElo "1836"]
[BlackElo "1877"]
[PlyCount "116"]
[EventDate "2013.02.01"]
[EventType "swiss"]
[EventRounds "9"]
[EventCountry "ESP"]
[Source "lmi"]
[SourceDate "2013.02.01"]

1. e4 e5 2. Nf3 Nc6 3. Bc4 Nf6 4. d3 h6 5. Nc3 Bc5 6. Be3 Bb6 7. Nd5 d6 8. Qd2
Bg4 9. h3 Bxf3 10. gxf3 Nxd5 11. Bxd5 Qf6 12. O-O-O Qxf3 13. Rdg1 Rb8 14. Rh2
g6 15. Rhg2 Nd4 16. Bxd4 Bxd4 17. c3 Bb6 18. Qc2 Qxh3 19. Bxf7+ Kxf7 20. Rxg6
Rbf8 21. Qb3+ Ke8 22. Re6+ Kd8 23. Qd5 Rxf2 24. Rxd6+ cxd6 25. Qxd6+ Qd7 26.
Qb8+ Ke7 27. Qxe5+ Qe6 28. Rg7+ Rf7 29. Rxf7+ Kxf7 30. Qxh8 Be3+ 31. Kc2 Qd7
32. Qh7+ Ke8 33. Qg8+ Ke7 34. Qg7+ Kd8 35. Qg8+ Qe8 36. Qd5+ Kc8 37. Qc4+ Kb8
38. b3 h5 39. Qd5 a6 40. e5 Qe7 41. e6 Ka7 42. b4 h4 43. Qe4 Bg5 44. d4 h3 45.
d5 h2 46. Qd4+ b6 47. Qe4 Qd6 48. Qf3 Qf4 49. Qxf4 Bxf4 50. e7 h1=Q 51. e8=Q
Qc1+ 52. Kb3 Qb1+ 53. Kc4 Qxa2+ 54. Kd4 Qd2+ 55. Kc4 b5+ 56. Kb3 Qxd5+ 57. Kb2
Qd2+ 58. Kb3 Qd1+ 0-1

[Event "Madrid ch - Previa B 2013"]
[Site "Madrid ESP"]
[Date "2013.02.15"]
[Round "6.4"]
[White "Plazuelo Pascual, Juan"]
[Black "Garcia-Ruiz Fuentes, Angel M"]
[Result "0-1"]
[WhiteElo "1870"]
[BlackElo "1963"]
[PlyCount "86"]
[EventDate "2013.02.01"]
[EventType "swiss"]
[EventRounds "9"]
[EventCountry "ESP"]
[Source "lmi"]
[SourceDate "2013.02.01"]

1. d4 Nf6 2. c4 c5 3. d5 e6 4. Nc3 exd5 5. cxd5 d6 6. e4 g6 7. Nf3 a6 8. a4 Bg7
9. h3 Nbd7 10. Bd3 Nh5 11. O-O Ne5 12. Be3 Nxf3+ 13. Qxf3 O-O 14. Rfe1 f5 15.
exf5 Bxf5 16. Bxf5 Rxf5 17. Qd1 Nf4 18. Qd2 Qg5 19. Bxf4 Qxf4 20. Qxf4 Rxf4 21.
Re4 Raf8 22. f3 R4f5 23. Rd1 Bd4+ 24. Kf1 Re5 25. Rxe5 Bxe5 26. Ne4 b5 27. axb5
axb5 28. Ra1 Rd8 29. Ra5 b4 30. b3 h6 31. Ke2 Re8 32. Kd3 Kf7 33. Ra6 Rd8 34.
Ra7+ Kf8 35. Kc4 Bd4 36. Kd3 Be5 37. Kc4 Bd4 38. Kd3 g5 39. Ng3 Bf2 40. Ne4 c4+
41. Kxc4 Bxa7 42. Kxb4 Ke7 43. Ka5 Bc5 0-1

[Event "Madrid ch - Previa B 2013"]
[Site "Madrid ESP"]
[Date "2013.02.15"]
[Round "6.6"]
[White "Canseco Arenas, Alfonso"]
[Black "Lopez Ziegler, Carlos"]
[Result "0-1"]
[WhiteElo "1706"]
[BlackElo "1911"]
[PlyCount "100"]
[EventDate "2013.02.01"]
[EventType "swiss"]
[EventRounds "9"]
[EventCountry "ESP"]
[Source "lmi"]
[SourceDate "2013.02.01"]

1. a3 c5 2. Nf3 Nc6 3. c3 d5 4. b4 b6 5. g3 Qc7 6. d4 e6 7. Bg2 Bd6 8. O-O c4
9. e4 Bb7 10. e5 Be7 11. a4 h5 12. Na3 Qd8 13. h4 Nh6 14. Ng5 Nf5 15. Nh3 Qd7
16. Nc2 Bf8 17. Bf3 g6 18. Bg5 Be7 19. Ne3 Bxg5 20. Nxg5 Nce7 21. Qd2 a6 22.
Ng2 Ng7 23. Qf4 Nef5 24. Bd1 O-O-O 25. Ne1 Rdf8 26. Nc2 Qc7 27. b5 a5 28. Ne3
Kb8 29. Bc2 Ka7 30. Nxf5 Nxf5 31. Bxf5 gxf5 32. Nh3 Rfg8 33. Qf3 Qe7 34. Kh2
Qf8 35. Nf4 Rg4 36. Nh3 Rgg8 37. Qe2 Qe7 38. Nf4 Rg4 39. Qb2 Rxf4 40. Kh3 Rg4
41. Qd2 f4 42. Rg1 Rhg8 43. Qc2 f5 44. exf6 Qxf6 45. Rae1 Bc8 46. Qh7+ R8g7 47.
Qxh5 fxg3 48. fxg3 e5 49. Qh8 Rxg3+ 50. Kh2 Rh3# 0-1

[Event "Madrid ch - Previa B 2013"]
[Site "Madrid ESP"]
[Date "2013.02.15"]
[Round "6.7"]
[White "Marcos Herrero, Francisco"]
[Black "Cano Mercado, Francisco Manuel"]
[Result "1-0"]
[WhiteElo "1895"]
[BlackElo "1865"]
[PlyCount "99"]
[EventDate "2013.02.01"]
[EventType "swiss"]
[EventRounds "9"]
[EventCountry "ESP"]
[Source "lmi"]
[SourceDate "2013.02.01"]

1. d4 Nf6 2. Nf3 g6 3. c4 c5 4. d5 d6 5. Nc3 Bg7 6. g3 O-O 7. Bg2 Nbd7 8. O-O
Nb6 9. Qb3 Bg4 10. h3 Bxf3 11. Bxf3 Nfd7 12. e4 Qc8 13. Bg4 h5 14. Be2 Kh7 15.
Kg2 Nf6 16. Bd2 Ng8 17. g4 Nf6 18. Rh1 Rh8 19. Rag1 Kg8 20. g5 Nfd7 21. f4 Bd4
22. Rf1 a6 23. a4 Qc7 24. Bd3 Kg7 25. Ne2 Rae8 26. Ba5 Rhf8 27. f5 Be5 28. Nf4
Bxf4 29. Rxf4 f6 30. h4 Rg8 31. Kh3 fxg5 32. hxg5 Rgf8 33. Rhf1 Qd8 34. Be2 Rf7
35. Bxb6 Qxb6 36. Qxb6 Nxb6 37. a5 Nd7 38. fxg6 Rxf4 39. Rxf4 Ne5 40. b3 Nxg6
41. Rf5 e6 42. Rf6 exd5 43. Bxh5 Rxe4 44. Rxg6+ Kh7 45. Rxd6 Re3+ 46. Kg4 dxc4
47. bxc4 Re4+ 48. Kf5 Re7 49. Kf6 Re1 50. Bg6+ 1-0

[Event "Madrid ch - Previa B 2013"]
[Site "Madrid ESP"]
[Date "2013.02.15"]
[Round "6.8"]
[White "Largo Barbero, Benito"]
[Black "Sancinena Arpide, Juan"]
[Result "1/2-1/2"]
[WhiteElo "1916"]
[BlackElo "1702"]
[PlyCount "61"]
[EventDate "2013.02.01"]
[EventType "swiss"]
[EventRounds "9"]
[EventCountry "ESP"]
[Source "lmi"]
[SourceDate "2013.02.01"]

1. Nf3 d5 2. d4 Nf6 3. Bf4 e6 4. e3 c5 5. c3 Nc6 6. Bd3 cxd4 7. exd4 Bd6 8. Ne5
Qc7 9. Qe2 O-O 10. Nd2 Nd7 11. Ndf3 f6 12. Nxc6 Bxf4 13. Qxe6+ Kh8 14. Qh3 Re8+
15. Kd1 Nf8 16. Qh5 Qxc6 17. Kc2 Bd7 18. g4 Re7 19. Nh4 Be8 20. Qf5 Bg5 21. Ng2
Bg6 22. Qf3 Rae8 23. Rae1 Qc4 24. Rxe7 Qxd3+ 25. Qxd3 Bxd3+ 26. Kxd3 Rxe7 27.
f4 Bh6 28. h4 g6 29. g5 Bg7 30. Ne3 Rd7 31. f5 1/2-1/2

[Event "Madrid ch - Previa B 2013"]
[Site "Madrid ESP"]
[Date "2013.02.15"]
[Round "6.9"]
[White "Herrero Corada, Jose Ignacio"]
[Black "Mosteiro Montoro, Alvaro"]
[Result "1-0"]
[WhiteElo "1849"]
[BlackElo "1674"]
[PlyCount "53"]
[EventDate "2013.02.01"]
[EventType "swiss"]
[EventRounds "9"]
[EventCountry "ESP"]
[Source "lmi"]
[SourceDate "2013.02.01"]

1. e4 c5 2. d4 cxd4 3. Nf3 Nc6 4. c3 d3 5. Bxd3 e5 6. O-O d6 7. h3 Nf6 8. Qe2
Be7 9. Rd1 Be6 10. c4 Nb4 11. c5 Nxd3 12. Qxd3 dxc5 13. Qb5+ Bd7 14. Qxb7 Qc8
15. Qxc8+ Bxc8 16. Nxe5 Nxe4 17. Nc6 Bb7 18. Nxe7 Kxe7 19. Re1 Kd7 20. Be3 Rac8
21. Na3 a6 22. Nc4 Ke6 23. f3 Ng3 24. Bf4+ Ne4 25. Nd6 g5 26. Bh2 f5 27. Nxb7
1-0

[Event "Madrid ch - Previa B 2013"]
[Site "Madrid ESP"]
[Date "2013.02.15"]
[Round "6.10"]
[White "Fernandez Rodriguez, Fernando J"]
[Black "Leniz Martinez, Francisco"]
[Result "1/2-1/2"]
[WhiteElo "1733"]
[BlackElo "1779"]
[PlyCount "100"]
[EventDate "2013.02.01"]
[EventType "swiss"]
[EventRounds "9"]
[EventCountry "ESP"]
[Source "lmi"]
[SourceDate "2013.02.01"]

1. e4 c5 2. Nf3 e6 3. d4 cxd4 4. Nxd4 a6 5. c4 Nf6 6. Nc3 Bb4 7. Bd3 Qc7 8.
Nde2 Nc6 9. a3 Be7 10. Bf4 d6 11. Rc1 Ne5 12. O-O O-O 13. Ng3 Ng6 14. Be3 Bd7
15. h3 Rac8 16. f4 Qb8 17. Qe2 Rfe8 18. Kh1 Bf8 19. b4 Rc7 20. e5 dxe5 21. fxe5
Nxe5 22. Ba7 Qa8 23. Qxe5 Rc6 24. Bd4 Bd6 25. Qe1 e5 26. Be3 Qc8 27. Bf5 Rxc4
28. Bxd7 Qxd7 29. Nf5 Bf8 30. Bg5 Rc6 31. Nh6+ Kh8 32. Bxf6 gxf6 33. Nf5 Rec8
34. Qe3 Qe6 35. Ng3 Qb3 36. Nge2 Qxa3 37. Nd5 Qxe3 38. Nxe3 Bxb4 39. Nd5 Rxc1
40. Rxc1 Rxc1+ 41. Nxc1 Bd2 42. Nb3 Be1 43. Nc5 Kg7 44. Nxb7 f5 45. Nc5 a5 46.
Kg1 e4 47. Kf1 Bg3 48. Ke2 Kg6 49. Ke3 Be5 50. Nd7 Bb2 1/2-1/2